| 000 -LEADER |
| fixed length control field |
00802nam a22002177a 4500 |
| 005 - DATE AND TIME OF LATEST TRANSACTION |
| control field |
20240417165716.0 |
| 008 - FIXED-LENGTH DATA ELEMENTS--GENERAL INFORMATION |
| fixed length control field |
240417s1991 enk||||| |||| 00| 0 eng d |
| 020 ## - INTERNATIONAL STANDARD BOOK NUMBER |
| International Standard Book Number |
9780838570111x |
| 041 ## - LANGUAGE CODE |
| Language code of text/sound track or separate title |
eng |
| 080 ## - UNIVERSAL DECIMAL CLASSIFICATION NUMBER |
| Universal Decimal Classification number |
616-08 Sh-53 |
| 100 ## - MAIN ENTRY--PERSONAL NAME |
| Personal name |
Sherwen, Laurie N. |
| 9 (RLIN) |
21839 |
| 245 ## - TITLE STATEMENT |
| Title |
Nursing care of the childbearing family / |
| Statement of responsibility, etc. |
Laurie N. Sherwen, Mary Ann Scoloveno, Carol Toussie-Weingarten. |
| 264 ## - PRODUCTION, PUBLICATION, DISTRIBUTION, MANUFACTURE, AND COPYRIGHT NOTICE |
| Place of production, publication, distribution, manufacture |
California : |
| Name of producer, publisher, distributor, manufacturer |
Appleton & Lange |
| Date of production, publication, distribution, manufacture, or copyright notice |
1991. |
| 300 ## - PHYSICAL DESCRIPTION |
| Extent |
1322 p.: |
| Other physical details |
ill.; |
| Dimensions |
29 cm. |
| 653 ## - INDEX TERM--UNCONTROLLED |
| keyword |
მშობიარობა |
| 653 ## - INDEX TERM--UNCONTROLLED |
| keyword |
ოჯახის ექთნის მოვლა |
| 653 ## - INDEX TERM--UNCONTROLLED |
| keyword |
მედიცინა |
| 700 ## - ADDED ENTRY--PERSONAL NAME |
| Personal name |
Scoloveno, Maryann |
| Relator term |
ავტორი |
| 9 (RLIN) |
21840 |
| 700 ## - ADDED ENTRY--PERSONAL NAME |
| Personal name |
Weingarten, Carol T. |
| Relator term |
ავტორი |
| 9 (RLIN) |
21841 |
| 942 ## - ADDED ENTRY ELEMENTS (KOHA) |
| Source of classification or shelving scheme |
|
| Koha item type |
წიგნი |